[Event "SVK-ch U18 Girls"]
[Site "Lubovna"]
[Date "2013.04.10"]
[Round "6"]
[White "Gregusova, Katarina"]
[Black "Hudacekova, Zuzana"]
[Result "1/2-1/2"]
[WhiteElo "1539"]
[BlackElo "1377"]
[PlyCount "126"]
[EventDate "2013.04.06"]
[EventType "tourn"]
[EventRounds "10"]
[EventCountry "SVK"]
[SourceTitle "CBM 153 Extra"]
[Source "ChessBase"]
[SourceDate "2013.04.22"]
[SourceVersion "1"]
[SourceVersionDate "2013.04.22"]
[SourceQuality "1"]

1. e4 e5 2. Nf3 Nc6 3. Bb5 Nge7 4. Nc3 a6 5. Ba4 b5 6. Bb3 Ng6 7. d4 exd4 8. Nxd4 Bb7 9. 0-0 Bc5 10. Nxc6 Bxc6 11. Re1 Qf6 12. Qe2 0-0 13. Bd5 Ne5 14. Be3 Bxe3 15. Qxe3 Ng4 16. Qg3 Ne5 17. Rab1 b4 18. Ne2 Bxd5 19. exd5 c5 20. dxc6 dxc6 21. Nf4 Ng6 22. Nd3 a5 23. Nc5 Qf5 24. Nd3 Rae8 25. Qc7 Rc8 26. Qg3 Rce8 27. h3 c5 28. Re3 c4 29. Ne1 Qc5 30. Rxe8 Rxe8 31. c3 Re2 32. cxb4 axb4 33. Qf3 Qe5 34. Qa8+ Nf8 35. Nf3 Qc5 36. Nh2 Qxf2+ 37. Kh1 Rxb2 38. Rf1 Rxa2 39. Qd5 Rd2 40. Qc6 Qe2 41. Qb7 f6 42. Rg1 Rd1 43. Qxb4 Rxg1+ 44. Kxg1 Qd1+ 45. Nf1 Qd4+ 46. Kh2 Ne6 47. Qa4 Kf7 48. Ng3 c3 49. Qb3 Qc5 50. Qc2 Nd4 51. Qc1 Nb3 52. Qc2 Nd2 53. Kh1 g6 54. Ne2 f5 55. Nxc3 Ne4 56. Qb3+ Kf6 57. Ne2 Qf2 58. Qb2+ Kg5 59. Qc1+ f4 60. Qd1 Ng3+ 61. Nxg3 fxg3 62. h4+ Kxh4 63. Qg4+ Kxg4 1/2-1/2

[Event "SVK-ch U16 Girls"]
[Site "Lubovnianske Kupele"]
[Date "2012.03.21"]
[Round "4"]
[White "Halamova, Maria"]
[Black "Hudacekova, Zuzana"]
[Result "1-0"]
[WhiteElo "1733"]
[BlackElo "1372"]
[PlyCount "75"]
[EventDate "2012.03.18"]
[EventType "tourn"]
[EventRounds "7"]
[EventCountry "SVK"]
[SourceTitle "CBM 147 Extra"]
[Source "ChessBase"]
[SourceDate "2012.04.24"]
[SourceVersion "1"]
[SourceVersionDate "2012.04.24"]
[SourceQuality "1"]

1. e4 e5 2. Nf3 Nc6 3. Bb5 a6 4. Ba4 b5 5. Bb3 Bc5 6. 0-0 Nf6 7. Re1 Ng4 8. Rf1 Bb7 9. h3 Nf6 10. Re1 d6 11. c3 0-0 12. d4 Bb6 13. Bg5 Nb8 14. dxe5 dxe5 15. Qxd8 Rxd8 16. Nxe5 Rf8 17. Nd2 Nbd7 18. Bf4 Nc5 19. Bc2 Nfd7 20. b4 f6 21. Nxd7 Nxd7 22. Bb3+ Kh8 23. Nf3 c5 24. Be6 Bc6 25. Rad1 Rad8 26. Bd6 Rfe8 27. Bf7 Rxe4 28. Rxe4 Bxe4 29. Be7 Rb8 30. Rxd7 Bc6 31. Rd6 Bxf3 32. gxf3 Rb7 33. Bd8 Rxf7 34. Bxb6 Rf8 35. Bxc5 Re8 36. Rxa6 Kg8 37. a4 bxa4 38. Rxa4 1-0